00298nam a2200121Ia 4500008004100000040001700041041001200058082001800070100001600088245002800104260003300132300001100165230917s9999||||xx |||||||||||||| ||und|| e110764aMAIN aEnglish a301.412 R141W aRam, S, Ed. 0aWomen and social change aNew DelhibCommonwealhc2005 a346 p.